000 00203 a2200097 4500
001 46216
100 _aPurnell
245 _a365 Days to Remember
260 _a
_bPurnell Books
_c
090 _c29324
_d29324
942 _aNUST-CAE
_cM
_c21474
999 _c281289
_d281289